US Air Traffic Control Zones - Statistics

General Stats
  • This quiz has been taken 740 times
  • The average score is 16 of 20
Answers on the Map
Answers color-coded by a green-red scale on the quiz's map according to % correct below.
 
Answer Stats
Answer % Correct
Miami
96%
Los Angeles
95%
New York
95%
Houston
94%
Seattle
94%
Atlanta
92%
Boston
92%
Chicago
92%
Denver
90%
Minneapolis
85%
Salt Lake
81%
Washington
76%
Cleveland
74%
Jacksonville
73%
Kansas City
73%
Albuquerque
72%
Memphis
69%
Indianapolis
57%
Oakland
56%
Ft. Worth
54%
No matching quizzes found
Score Distribution
Percent of People with Each Score
Percentile by Number Answered
Your Score History
You have not taken this quiz